| 000 | 01132nam a22002775i 4500 | ||
|---|---|---|---|
| 001 | 152952 | ||
| 003 | ES-MaACL | ||
| 005 | 20250927134919.0 | ||
| 008 | 960201s1854 sp |||| | spa d | ||
| 040 |
_aCLM _bspa _cCCPB | SIC |
||
| 245 | 0 | 0 |
_aCurso elemental de retórica y poética : _bretórica de Hugo Blair [y] poética de Sánchez : textos aprobados por el Real Consejo de Instrucción Pública, ordenados, corregidos y adicionados con un tratado de versificación castellana y latina / _cpor Alfredo Adolfo Camus. |
| 250 | _a2ª ed. | ||
| 260 |
_aMadrid : _bLibrería de León Pablo Villaverde, _c1854 _f(Imp. de Julián Peña) |
||
| 300 |
_a270 páginas ; _c21 cm. |
||
| 597 | _aSignaturizado. | ||
| 597 | _aAntep. | ||
| 650 | 0 | 4 |
_aRetórica. _916882 |
| 650 | 0 | 4 |
_aPoética. _916254 |
| 700 | 1 |
_aBlair, Hugh, _d1718-1800 _9147920 _eaut |
|
| 700 | 1 |
_aSánchez, Francisco, _d1764-1819 _eaut _9147921 |
|
| 700 | 1 |
_aCamús, Alfredo Adolfo, _d1797-1889 _934362 _epbl |
|
| 852 |
_aES-MaACL _jG-13025 _cSPP3 _xHolandesa |
||
| 942 |
_2udc _cMONANT _n0 |
||
| 999 |
_c152952 _d152952 |
||